Statistics for Planets in 30 seconds

Click here to take the quiz!

General Stats

  • This quiz has been taken 31 times
  • The average score is 8 of 8

Answer Stats

No HintPlanet% Correct
Earth
100%
Jupiter
100%
Venus
100%
Mars
97%
Saturn
97%
Uranus
97%
Mercury
93%
Neptune
90%

Score Distribution

Percentile by Number Answered

Percent of People with Each Score

Your Score History

You have not taken this quiz